|
|
|
|
| LEADER |
01587nam a2200325 a 4500 |
| 001 |
13401429 |
| 008 |
091029s2002 bg b 101 0 eng d |
| 010 |
|
|
|a \\2003307944
|
| 020 |
|
|
|a 9840516515
|
| 040 |
|
|
|a DLC
|c DLC
|
| 082 |
0 |
0 |
|a 337.5492
|2 21
|
| 245 |
0 |
0 |
|a Bangladesh, economic and social challenges of globalisation /
|c editors, Muhammed Muqtada, Andréa M. Singh, Mohammed Ali Rashid.
|
| 260 |
|
|
|a Dhaka :
|b University Press,
|c 2002.
|
| 300 |
|
|
|a viii, 241 p. ;
|c 25 cm.
|
| 500 |
|
|
|a "A study prepared for the International Labour Office, Geneva."
|
| 520 |
|
|
|a Contributed papers presented at a national tripartite workshop.
|
| 504 |
|
|
|a Includes bibliographical references (p. [225]-232) and index.
|
| 541 |
1 |
|
|e 00008511
|
| 650 |
|
0 |
|a Globalization
|x Economic aspects
|z Bangladesh
|v Congresses.
|
| 650 |
|
0 |
|a Globalization
|x Social aspects
|z Bangladesh
|v Congresses.
|
| 651 |
|
0 |
|a Bangladesh
|x Economic policy
|v Congresses.
|
| 651 |
|
0 |
|a Bangladesh
|x Social policy
|v Congresses.
|
| 700 |
1 |
|
|a Muqtada, M.
|
| 700 |
1 |
|
|a Singh, Andréa Menefee,
|d 1943-
|
| 700 |
1 |
|
|a Rashid, M. Ali
|q (Mohammed Ali)
|
| 710 |
2 |
|
|a International Labour Organisation.
|
| 852 |
4 |
|
|a Ayesha Abed Library
|j General shelf
|
| 999 |
|
|
|c 4960
|d 4960
|
| 952 |
|
|
|0 0
|1 0
|2 ddc
|4 0
|6 337_549200000000000_BAN_2002
|7 0
|9 4784
|a BRACUL
|b BRACUL
|c GEN
|d 2009-11-01
|g 0.00
|l 0
|o 337.5492 BAN
|p 3010008511
|r 2009-11-01
|t 1
|w 2009-11-01
|y BK
|x No price found in the accession register.
|
| 952 |
|
|
|0 0
|1 0
|2 ddc
|4 0
|6 337_549200000000000_BAN_2002
|7 0
|9 8302
|a BRACUL
|b BRACUL
|c GEN
|d 2010-02-18
|l 0
|o 337.5492 BAN
|p 3010009493
|r 2010-02-18
|t 2
|w 2010-02-18
|y BK
|